Evaluación inicial de riesgos por puestos de trabajo para el taller automotriz Flores, ubicado en la ciudad de Managua

El propósito de esta investigación es realizar una evaluación de riesgos laborales a lo que están expuestos los trabajadores, donde se tomaron datos cualitativos y cuantitativos como iluminación, ruido y temperatura, mediante los resultados obtenidos se procedió a la elaboración de un plan de...

Full description

Bibliographic Details
Main Authors: Rizo Vanegas, Francisco Javier, Aguirre Jarquín, Cristopher Alexander, Gutiérrez Mendoza, Gema Herlinda
Other Authors: Tutor: Contiene: anexos y CD.
Format: Tesis Section = Libro
Language:Undetermined
Spanish
Published: Managua UNI 2020
Subjects:
LEADER 01329nam a2200265Ia 4500
008 240830s9999 xx 000 0 und d
040 |a BIBLIOTECA-RUPAP Mon 363.11 R627 
041 |a spa 
082 |a Mon 363.11 R627 
100 1 |a Rizo Vanegas, Francisco Javier 
100 1 |b  Aguirre Jarquín, Cristopher Alexander 
100 1 |c Gutiérrez Mendoza, Gema Herlinda 
245 1 0 |a Evaluación inicial de riesgos por puestos de trabajo para el taller automotriz Flores, ubicado en la ciudad de Managua 
260 |a Managua  |b UNI  |c 2020 
300 |a 141 p. :il. 
500 |a Contiene: anexos y CD. 
502 |a Tesis (Ingeniero Industrial)- UNI, 2020. 
520 3 |a El propósito de esta investigación es realizar una evaluación de riesgos laborales a lo que están expuestos los trabajadores, donde se tomaron datos cualitativos y cuantitativos como iluminación, ruido y temperatura, mediante los resultados obtenidos se procedió a la elaboración de un plan de acción de acuerdo a las necesidades de cada puesto, se presentan mapas de riesgos de las áreas de trabajo. 
650 7 |a SEGURIDAD INDUSTRIAL RIESGOS LABORALES 
650 7 |b ACCIDENTES DE TRABAJO-PREVENCION 
650 7 |c ENFERMEDADES PROFESIONALES. 
700 1 |a Tutor:  |b Contiene: anexos y CD. 
942 |c BK  |2 ddc 
991 |a TESIS 
999 |c 15492